Представление документа в формате RUSMARC

ПолеНазваниеЗначение
  Тип записи a
  Библиографический уровень m
001 Контрольный номер b337a670-0824-4881-aaf8-f0ce85772f44
005 Дата корректировки 20140820192401.0
100 Данные общей обработки __
a Данные общей обработки 20090206 |||y0 y0189 ca
101 Язык документа __
a Язык текста rus
105 Кодированные данные (монография) __
a Кодированные данные (монография) zy
200 Заглавие и сведения об ответственности 0_
a Заглавие Менеджмент в международном бизнесе
e Сведения, относящиеся к заглавию Практикум [текст]
f Первые сведения об ответственности Т.А. Асон
210 Выходные данные __
a Место издания М.
c Издательство РУК
d Дата издания 2007
215 Физическое описание __
a Объем 36с.
606 Тематические рубрики __
a Основная рубрика Менеджмент.
610 Ключевые слова __
a Ключевые слова менеджмент
a Ключевые слова международный бизнес
a Ключевые слова бизнес
675 Индекс УДК __
a Индекс УДК 65.01(075.8)
686 Индексы других классификаций __
a Классификационный индекс 65.050.8я73
2 Код системы rubbk
700 Автор _1
a Фамилия Асон
b Имя Т.А.
852 Данные о местонахождении __
h Классификационный индекс 337
i Авторский знак А-90
899 Данные о местонахождении __
b Место хранения УчФ
t Номер экземпляра 1
h Классификационная часть РШ 337
i Авторский знак А-90
901 Тип документа __
t Тип документа m
938 Служебная информация __
a Название организации Краснодарский филиал
b Имя БД Методические пособия
c Название АИБС АИБС Библиотека